Integration

Gespeichert in:
Bibliographische Detailangaben
1. Verfasser: Gillespie, R. P (VerfasserIn)
Format: Buch
Sprache:Englisch
Veröffentlicht: Edimburgo Oliver and Boyd 1955
Ausgabe:6a. ed
Schriftenreihe:University Mathematical Texts
Schlagworte:
Tags: Tag hinzufügen
Keine Tags, Fügen Sie den ersten Tag hinzu!

MARC

LEADER 00000nam a2200000 a 4500
001 UCP0260
003 CL-VaPUC
008 990305e19550000UK |||||||||||||||||eng|d
082 0 4 |a 515.4  |b GIL  |2 21 
100 |a Gillespie, R. P  |e author  |9 564076 
245 1 0 |a Integration 
250 |a 6a. ed 
300 |a 132 p 
942 |c BK 
945 |d 19990305 00:00:00  |a crobeson 
260 |a Edimburgo  |b Oliver and Boyd  |c 1955 
650 7 |a INTEGRACION ELEMENTAL  |2 CL-VaPUC  |9 425365 
650 7 |a INTEGRALES MULTIPLES  |2 CL-VaPUC  |9 425366 
650 0 |a Integral de superficie  |9 425367 
650 7 |a INTEGRAL DE RIEMANN  |2 CL-VaPUC  |9 425368 
650 7 |a INTEGRALES FINITAS  |2 CL-VaPUC  |9 425369 
583 |a last modification  |c 20130317 12:26:08  |k Rodrigo Vera 
490 0 |a University Mathematical Texts 
999 |c 279098  |d 279096 
952 |0 0  |1 0  |4 0  |6 515_400000000000000_GIL_1955  |7 0  |8 A  |9 318016  |a BIBMAT  |b BIBMAT  |d 2019-11-20  |i 132327K  |o 515.4 GIL 1955  |p 132327K  |r 2025-01-07  |w 2019-11-20  |y BK  |k MAT